[Event "TCh-ESP CECLUB Div1Gp2 2013"]
[Site "Linares ESP"]
[Date "2013.08.21"]
[Round "3.1"]
[White "Moreno Ruiz, Javier"]
[Black "Glavina, Pablo"]
[Result "1/2-1/2"]
[WhiteTitle "IM"]
[BlackTitle "IM"]
[WhiteElo "2471"]
[BlackElo "2437"]
[WhiteTeam "C.A. COLLADO VILLALBA"]
[BlackTeam "C.A. STADIUM CASABLANCA"]
[WhiteFideId "2203146"]
[BlackFideId "100234"]
[EventDate "2013.08.19"]

1. c4 g6 2. g3 Bg7 3. Bg2 Nc6 4. Nc3 e5 5. e4 d6 6. Nge2 Nf6 7. d3 Nd7 8. O-O
Nc5 9. f4 Nd4 10. Nxd4 exd4 11. Ne2 f5 12. b4 Nxe4 13. dxe4 d3 14. Rb1 dxe2 15.
Qxe2 O-O 16. Bb2 Re8 17. Bxg7 Kxg7 18. Qc2 Qf6 19. exf5 Bxf5 20. Rbd1 Be4 21.
Rfe1 Bxg2 22. Kxg2 Rxe1 23. Rxe1 Rd8 24. Rd1 c6 25. Kf3 h5 26. h3 Rd7 27. g4
hxg4+ 28. hxg4 Qe6 29. Rh1 Qf6 30. Ke4 Re7+ 31. Kf3 d5 32. cxd5 cxd5 33. Rh8 Rd7
34. Ke3 Re7+ 35. Kf3 Rd7 36. Rf8 Qe7 37. Rg8+ Kf7 1/2-1/2

[Event "TCh-ESP CECLUB Div1Gp2 2013"]
[Site "Linares ESP"]
[Date "2013.08.21"]
[Round "3.1"]
[White "Lopez Gracia, Fernando"]
[Black "Cao Armillas, Jesus"]
[Result "1-0"]
[WhiteTitle "FM"]
[WhiteElo "2375"]
[BlackElo "2184"]
[WhiteTeam "C.A. STADIUM CASABLANCA"]
[BlackTeam "C.A. COLLADO VILLALBA"]
[WhiteFideId "2207184"]
[BlackFideId "2212269"]
[EventDate "2013.08.19"]

1. d4 Nf6 2. Nc3 d5 3. Bg5 e6 4. e4 Be7 5. e5 Nfd7 6. h4 a6 7. Qg4 c5 8. Bxe7
Qxe7 9. Qxg7 Rf8 10. dxc5 Nc6 11. Nf3 Qxc5 12. O-O-O b5 13. Bd3 Bb7 14. Ng5
Ncxe5 15. Nxh7 O-O-O 16. Nxf8 Rxf8 17. h5 d4 18. Ne2 Nxd3+ 19. Rxd3 Be4 20. Rd2
e5 21. h6 Qc4 22. b3 Qb4 23. h7 Bxh7 24. Rxh7 Kb7 25. Rh8 Rxh8 26. Qxh8 f6 27.
Qd8 Nc5 28. Qe7+ Kc8 29. Qxf6 Qxd2+ 30. Kxd2 Ne4+ 31. Kd3 Nxf6 32. f4 exf4 33.
Nxf4 Kd7 34. Kxd4 Kd6 35. c4 bxc4 36. bxc4 Nd7 37. Nd3 Nf8 38. c5+ Kc7 39. g4 a5
40. a4 Ne6+ 41. Kd5 Ng5 42. Nf4 Kd7 43. c6+ Kc8 44. Ne6 Nf7 45. g5 Nh8 46. Nf4
Nf7 47. g6 Nh6 48. g7 Ng8 49. Kc5 1-0

[Event "TCh-ESP CECLUB Div1Gp2 2013"]
[Site "Linares ESP"]
[Date "2013.08.21"]
[Round "3.3"]
[White "Suarez Garcia, Ivan"]
[Black "Rodriguez Lopez, Rafael"]
[Result "0-1"]
[BlackTitle "IM"]
[WhiteElo "1930"]
[BlackElo "2265"]
[WhiteTeam "UNIVERSIDAD DE OVIEDO"]
[BlackTeam "C.A. UNIVERSIDAD DE VIGO"]
[WhiteFideId "2202727"]
[BlackFideId "2204495"]
[EventDate "2013.08.19"]

1. d4 Nf6 2. c4 e6 3. Nc3 Bb4 4. a3 Bxc3+ 5. bxc3 c5 6. f3 d5 7. e3 O-O 8. cxd5
Nxd5 9. Qc2 Nc6 10. Bd3 f5 11. Nh3 Qh4+ 12. Nf2 cxd4 13. exd4 Bd7 14. O-O Rac8
15. Qb2 Na5 16. Bd2 b6 17. Nd1 Ba4 18. Bb5 Bxb5 19. Qxb5 Nc4 20. Be1 Qf6 21. f4
Rfd8 22. Ra2 Qe7 23. a4 Qd6 24. g3 Rc6 25. Rf3 Rdc8 26. Re2 Qd7 27. Nf2 Qb7 28.
Kg2 Nde3+ 29. Rexe3 Nxe3+ 30. Rxe3 Rc5+ 31. Kf1 Rxb5 32. axb5 Qd5 33. Re5 Qc4+
34. Kg1 Rd8 0-1

[Event "TCh-ESP CECLUB Div1Gp2 2013"]
[Site "Linares ESP"]
[Date "2013.08.22"]
[Round "4.1"]
[White "Cao Armillas, Jesus"]
[Black "Alonso Alvarez, Aitor"]
[Result "0-1"]
[WhiteElo "2184"]
[BlackElo "2221"]
[WhiteTeam "C.A. COLLADO VILLALBA"]
[BlackTeam "UNIVERSIDAD DE OVIEDO"]
[WhiteFideId "2212269"]
[BlackFideId "2257050"]
[EventDate "2013.08.19"]

1. d4 Nf6 2. c4 e6 3. Nc3 Bb4 4. e3 O-O 5. Bd3 d5 6. Nf3 b6 7. O-O Bb7 8. cxd5
exd5 9. Qa4 Qe7 10. Bd2 c5 11. Ne5 a6 12. a3 b5 13. Qc2 Bxc3 14. bxc3 Nc6 15.
Nxc6 Bxc6 16. Be1 Rfe8 17. Qe2 Rac8 18. Bd2 Ne4 19. Rfe1 Qg5 20. Ra2 Re6 21. Rc2
Rh6 22. Bc1 Qh4 23. h3 Bd7 24. Qf3 Rf6 25. Bxe4 Rxf3 26. Bxf3 Bf5 27. Rb2 Be4
28. Bxe4 Qxe4 29. Bd2 Qd3 30. Reb1 h6 31. Be1 cxd4 32. exd4 Re8 33. Ra1 Re2 34.
Rb4 Qe4 35. Kf1 Rc2 36. a4 Qe2+ 37. Kg1 Ra2 38. Rab1 bxa4 39. c4 Qxc4 40. Ra1 0-1

[Event "TCh-ESP CECLUB Div1Gp2 2013"]
[Site "Linares ESP"]
[Date "2013.08.23"]
[Round "5.1"]
[White "Pastor Alonso De Prado, Alberto"]
[Black "Arnedo Ruiz, Alberto"]
[Result "1-0"]
[WhiteElo "2113"]
[BlackElo "2188"]
[WhiteTeam "C.A. COLLADO VILLALBA"]
[BlackTeam "C.A. SOLVAY - B"]
[WhiteFideId "2255740"]
[BlackFideId "22253815"]
[EventDate "2013.08.19"]

1. e4 e5 2. Nf3 Nc6 3. Nc3 Nf6 4. Bb5 Bd6 5. Bxc6 dxc6 6. d4 Bg4 7. Be3 Qe7 8.
h3 Bxf3 9. Qxf3 O-O 10. O-O exd4 11. Bxd4 Be5 12. Rad1 Rad8 13. Qe3 b6 14. g3
Rfe8 15. Bxe5 Qxe5 16. Kg2 h6 17. f4 Qe7 18. Rxd8 Rxd8 19. Re1 Re8 20. a3 Qe6
21. f5 Qe5 22. Qf4 Nd5 23. Qxe5 Rxe5 24. Nd1 Nf6 25. Nf2 c5 26. Kf3 c4 27. Rd1
Kf8 28. Rd4 Rc5 29. Nd1 Ke7 30. Ne3 b5 31. g4 c6 32. h4 Ne8 33. g5 hxg5 34. hxg5
f6 35. g6 Nd6 36. Kf4 a5 37. c3 b4 38. a4 bxc3 39. bxc3 Nb5 40. axb5 cxb5 41.
Rd5 Rc7 42. Rxb5 Ra7 43. Nxc4 a4 44. Na3 Kd6 45. c4 Kc6 46. e5 fxe5+ 47. Rxe5
Kb6 48. Rb5+ Kc6 49. f6 gxf6 50. Kf5 1-0

[Event "TCh-ESP CECLUB Div1Gp2 2013"]
[Site "Linares ESP"]
[Date "2013.08.23"]
[Round "5.3"]
[White "Andres Gonzalez, Ivan"]
[Black "Barbero Sendic, Alejandro"]
[Result "1-0"]
[WhiteTitle "FM"]
[BlackTitle "FM"]
[WhiteElo "2311"]
[BlackElo "2363"]
[WhiteTeam "UNIVERSIDAD DE OVIEDO"]
[BlackTeam "C.E. LLEIDA"]
[WhiteFideId "2217783"]
[BlackFideId "3001288"]
[EventDate "2013.08.19"]

1. e4 c5 2. Nc3 d6 3. Nf3 Nf6 4. d4 cxd4 5. Nxd4 g6 6. h3 Bg7 7. Be3 Nc6 8. Bc4
Bd7 9. O-O O-O 10. Bb3 Rc8 11. f4 Qa5 12. Qd3 Nb4 13. Qe2 Na6 14. Qf3 Nc5 15.
Rae1 e5 16. Nde2 Nxb3 17. axb3 Bc6 18. fxe5 dxe5 19. Bg5 Nxe4 20. Nxe4 f5 21.
Qc3 Qd5 22. N2g3 fxe4 23. Rxf8+ Rxf8 24. Nxe4 h6 25. Bc1 Kh7 26. Qc4 Qd7 27. Be3
b6 28. Nf2 Ba8 29. Rd1 Qf5 30. Qd3 Qxd3 31. Rxd3 Rf7 32. Rd8 Bb7 33. c3 h5 34.
b4 Bf6 35. Rd1 Kg7 36. c4 e4 37. b3 Bc3 38. b5 Kh7 39. Rd6 Bb4 40. Rd1 g5 41.
Ra1 Ba8 42. Rd1 Bb7 43. Kf1 g4 44. hxg4 hxg4 45. Ke2 g3 46. Nh3 Kg7 47. Rd8 Bc5
48. Bxc5 bxc5 49. Ke3 Re7 50. Nf4 Kh6 51. Rg8 Rd7 52. Ke2 Rf7 53. Ke3 Rd7 54.
Rxg3 Rd1 55. Rg6+ Kh7 56. Re6 Rd7 57. Re5 Rc7 58. Ne6 Bc8 59. Ke2 1-0